000
00307nam a2200109Ia 4500
008
200302s9999 xx 000 0 und d
100
_a
P. Thomas
245
_a
Secrets of sorcery spells and pleasure cults of India
260
_b
D.B. Taraporevala Sons and Co., Pvt., Ltd.,
260
_c
1983
300
_a
181 P.,
999
_c
4085
_d
4085